00218nam a2200085Ia 4500001000800000005001700008008004100025245004600066260002000112125219320251031150929.0251031s9999 xx 000 0 und d 0cSARA GÜRBÜZ ÖZERENaS-3 TELEFERİK bDAMLA YAYINLARI